000 00410nam a2200157 i 4500
001 bg
245 0 _aDzieje gospodarcze świata do roku 1980 /
_cJerzy Ciepielewski [et al.].
250 _aWyd. 4 zm.
260 _aWarszawa,
_c1984.
650 9 _aGospodarka
_xhistoria
_y20 w.
040 _cBPK
041 _apol
080 _a338.1(100)"19"(091)
942 _cKS
008 s pl f |000 0 pol
999 _c28117
_d28117
856 _uhttp://koha.tu.koszalin.pl/cgi-bin/koha/opac-detail.pl?biblionumber=28117
_yKatalog online BPK